| 000 | 00970nam a2200301 i 4500 | ||
|---|---|---|---|
| 001 | 000022990 | ||
| 003 | DO-SdBNP | ||
| 005 | 20240503073631.0 | ||
| 007 | ta | ||
| 008 | 101124s1976 ag 000 f spa d | ||
| 040 |
_aDO-SdBNP _bspa _cBNPHU _erda |
||
| 082 | 4 |
_a 863.3 _bC419 1976 _222 |
|
| 100 | 1 |
_aCervantes Saavedra, Miguel de, _d1547-1616 _93070 |
|
| 240 | _aDon Quijote de la Mancha | ||
| 245 | 1 | 3 |
_aEl ingenioso hidalgo don Quijote de la Mancha : _btexto íntegro / _cMiguel de Cervantes Saavedra. |
| 250 | _a11a. ed. | ||
| 264 |
_aBuenos Aires : _bSopena, _c1976. |
||
| 300 |
_a670 páginas ; _c19 cm. |
||
| 336 |
_2rdacontent _atexto _btxt |
||
| 337 |
_2rdamedia _asin mediación _bn |
||
| 338 |
_2rdacarrier _avolumen _bnc |
||
| 490 | 0 | _aLiteraria Sopena | |
| 590 | _aInventariado, 2023/BT | ||
| 650 | 4 |
_aNovela española _947281 |
|
| 650 | 4 |
_aLiteratura española _y1500-1700 _947282 |
|
| 910 | _aValidado. Control de calidad MFF | ||
| 942 |
_2ddc _cLBS1 |
||
| 999 |
_c22487 _d22487 |
||